banner koha

O desafio da Defesa Agropecuária: assimilar o presente e pensar no futuro (Registro n. 327868)

MARC details
000 -LÍDER
fixed length control field 00892nab a2200253 4500
003 - CÓDIGO MARC DA AGÊNCIA CATALOGADORA
Campo de controle BR-BrBNA
005 - DATA E HORA DA ÚLTIMA ATUALIZAÇÃO
Campo de controle 20240929232912.0
008 - CAMPO DE TAMANHO FIXO
fixed length control field 240929b bl.||||| |||| 00| 0 por d
040 ## - FONTE DA CATALOGAÇÃO
Agência catalogadora BR-BrBNA
Idioma da catalogação por
072 ## - CATEGORIA AGRIS
Código AGRIS Q03 ; D50 ; H01
100 ## - ENTRADA PRINCIPAL - NOME PESSOAL
Código relacionador Rezende, Márcio
245 ## - TÍTULO PRINCIPAL
Título principal O desafio da Defesa Agropecuária: assimilar o presente e pensar no futuro
500 ## - NOTA GERAL
Nota geral 7 illus.
942 ## - ADDED ENTRY ELEMENTS (KOHA)
Koha item type Analítica
650 ## - ASSUNTO - THESAGRO
Cabeçalho tópico ou nome geográfico DEFESA VEGETAL
650 ## - ASSUNTO - THESAGRO
Cabeçalho tópico ou nome geográfico DEFESA ANIMAL
650 ## - ASSUNTO - THESAGRO
Cabeçalho tópico ou nome geográfico INSPEÇÃO SANITÁRIA
650 ## - ASSUNTO - THESAGRO
Cabeçalho tópico ou nome geográfico BIOSSEGURANÇA
650 ## - ASSUNTO - THESAGRO
Cabeçalho tópico ou nome geográfico SAÚDE PÚBLICA
650 ## - ASSUNTO - THESAGRO
Cabeçalho tópico ou nome geográfico CONTROLE DE QUALIDADE
650 ## - ASSUNTO - THESAGRO
Cabeçalho tópico ou nome geográfico NORMALIZAÇÃO
773 0# - ENTRADA ANALÍTICA
Host Biblionumber 4945
Registro do item 20965
Imprenta Brasília-DF Ministério da Agricultura, Pecuária e Abastecimento . Secretaria de Defesa Agropecuária 2022 -
Outro identificador 2023-43711
Título Revista da Defesa Agropecuária (Brazil)
Colação v. 1(1) p. 8-12; (Nov 2022)
Número de controle de registro BR2024002751

Nenhum exemplar disponível.

BINAGRI

Telefone: (61)3218-2567/2388/3357/2097 - binagri@agro.gov.br

Ministério da Agricultura e Pecuária , Esplanada dos Ministérios, Bloco D, Anexo B, Brasília/DF, CEP: 70.043-900